000 00554nam a2200229Ia 4500
003 OSt
005 20220912153028.0
006 a|||||r|||| 00| 0
007 ta
008 220909b |||||||| |||| 00| 0 eng d
024 _a25013
037 _cTextual
040 _aCSL
_beng
_cCSL
041 _aeng
082 _aB6M46, F8.1-.2
100 _aZindler Konard
245 0 _aLiniengeometrie mit anwendungen
260 _c1906
300 _ap.
_ccm.
942 _hB6M46, F8.1-.2
_cTEXL
_2CC
999 _c96572
_d96572